000 00660nam a2200193 i 4500
001 29426
003 ES-MaACL
005 20250815062559.0
007 t|
008 030121m19411942sp ||||1| spa d
100 1 _aBallesteros Beretta, Antonio,
_d1880-1949
_925050
245 1 0 _aCurso de historia universal /
_cpor Antonio Ballesteros Beretta y Manuel Ballesteros Gaibrois.
260 _aMadrid :
_bEdics. Históricas,
_c1941-1942 (
_fTalls. Gráfs. Yagüe)
300 _a490 p. ;
_c26 cm.
650 7 _aHistoria universal
_2embne
_913429
700 1 _aBallesteros Gaibrois, Manuel,
_d1911-2002
_925056
852 _aES-MaACL
_jF-15755
999 _c29426
_d29426